Les pays qui participent à l'Eurovision 2025 - Statistiques

Statistiques générales
  • Ce quiz a été pris 126 fois
  • Le résultat moyen est 31 sur 37
Statistiques - réponses
Pays % Correct
Espagne
99%
France
99%
Autriche
95%
Belgique
95%
Allemagne
93%
Italie
93%
Royaume-Uni
93%
Portugal
92%
Finlande
90%
Suède
90%
Estonie
89%
Ukraine
89%
Albanie
88%
Lituanie
88%
Suisse
88%
Danemark
87%
Lettonie
87%
Luxembourg
87%
Norvège
87%
Irlande
86%
Israël
86%
Pays-Bas
86%
Grèce
83%
Croatie
81%
Pologne
81%
Malte
78%
Australie
77%
Islande
76%
République-Tchèque
75%
Arménie
73%
Chypre
71%
Serbie
69%
Slovénie
69%
Azerbaidjan
66%
Monténégro
66%
Saint-Marin
63%
Géorgie
57%
Aucun quiz correspondant
Distribution des résultats
% des personnes avec chaque résultat
Percentile par nombre de réponses
Votre historique - résultats
Vous n’avez pas pris ce quiz